000 00813nam a2200229Ia 4500
003 GCL
005 20240530110929.0
008 140319s9999 xx 000 0 ara d
040 _aGCL /
_cGCL
082 0 4 _a811.9
_bب أ
100 0 _aبيرم التونسى
245 1 2 _aبيرم التونسى : بيرم ناقد للحياة /
_cبيرم التونسى ؛ اشراف رشدى صالح
260 _a[S.N] :
_bالهيئة المصرية العامة للكتاب ،
_c1986
300 _aاجزاء ؛
_c24 سم.
490 0 _aالاعمال الكاملة لبيرم التونسى ؛
_v5
650 0 4 _aالشعر العربى
650 0 4 _aالادب العربى
650 0 4 _aالمقامات
650 0 4 _aالشعر العامى
700 1 _aرشدى صالح(اشراف)
942 _2ddc
_cBK
999 _c66613
_d66613